ბათუმის შოთა რუსთაველის სახელმწიფო უნივერსიტეტის ბიბლიოთეკა

რჩეული : (ბიბ.ჩანაწერი № 59149)

000 -ლიდერი
ფიქსირებული სიგრძის საკონტროლო ველი 01459nam a22002297a 4500
003 - საკონტროლო ნომრის იდენტიფიკატორი
საკონტროლო ველი Ge_BSU
005 - ბოლო ოპერაციის თარიღი და დრო
საკონტროლო ველი 20221130135201.0
008 - ფიქსირებული სიგრძის მონაცემთა ელემენტები - ზოგადი ინფორმაცია
ფიქსირებული სიგრძის საკონტროლო ველი 221130s1973ge xxu||||| |||| 00| 0 geo d
041 ## - ენის კოდი
Language code of text/sound track or separate title geo
080 ## - უნივერსალური ათობითი კლასიფიკაციის ინდექსი
Universal Decimal Classification number 821.353.1-1 ტ-15
100 ## - მთავარი ჩანაწერი - პიროვნების სახელი
Personal name ტაბიძე, გალაკტიონ, 1892-1959, ავტორი.
9 (RLIN) 16251
245 ## - ცნობა სათაურის შესახებ
Title რჩეული :
Remainder of title [ლირიკა] /
Statement of responsibility, etc გალაკტიონ ტაბიძე ; შეადგინეს გრ. აბაშიძემ და მ. ლებანიძემ ; სარედ. კოლეგია: გრ. აბაშიძე, მ. ლებანიძე, ი. ნონეშვილი და სხვ. ; ბოლოსიტყვ. გ. ასათიანისა ; ილ.: გ. ქლიბაძე.
264 ## - წარმოების, გამოცემის, დისტრიბუციის და სხვა ცნობები
გამოცემის, წარმოების, დისტრიბუციის... ადგილი თბილისი :
გამოცემის, წარმოების, დისტრიბუციის... სახელწოდება საბჭოთა საქართველო,
გამოცემის, წარმოების, დისტრიბუციის... თარიღი 1973.
300 ## - ფიზიკური აღწერა
Extent 654 გვ. :
Other physical details ილ. ;
Dimensions 23 სმ.
653 ## - INDEX TERM--UNCONTROLLED
Uncontrolled term რჩეული : ლირიკა
700 ## - ADDED ENTRY--PERSONAL NAME
Personal name აბაშიძე, გ
Relator term შემდგენელი
9 (RLIN) 16252
700 ## - ADDED ENTRY--PERSONAL NAME
Personal name ლებანიძე, მ
Relator term შემდგენელი
9 (RLIN) 16253
700 ## - ADDED ENTRY--PERSONAL NAME
Personal name ნონეშვილი, ი
Relator term შემდგენელი
9 (RLIN) 4084
700 ## - ADDED ENTRY--PERSONAL NAME
Personal name ასათიანი, გ
Relator term ბოლოსიტყვაობა
9 (RLIN) 4232
700 ## - ADDED ENTRY--PERSONAL NAME
Personal name ქლიბაძე, გ
Relator term ილუსტრატორი
9 (RLIN) 5856
942 ## - ADDED ENTRY ELEMENTS (KOHA)
Source of classification or shelving scheme
Koha item type წიგნი
ეგზემპლარები
ჩამოწერის სტატუსი დაკარგული ეგზემპლარის სტატუსი კლასიფიკაციის წყარო ან თაროზე გაწყობის სქემა დაზიანების სტატუსი არ გაიცემა მუდმივი მდებარეობა (დაცვის ადგილი) ამჟამინდელი ადგილსამყოფელი თაროზე განთავსების ადგილი შეძენის თარიღი ღირებულება, შესყიდვის ნორმალური ფასი სრული შენახვის შიფრი შტრიხკოდი ბოლო ოპერაციის თარიღი ეგზემპლარის მიმდევრობითი ნომერი (კეტერი?) ფასის ძალაში შესვლის თარიღი ეგზემპლარის სახეობა საჯარო შენიშვნა
          ბათუმის შოთა რუსთაველის სახელმწიფო უნივერსიტეტის მთავარი ბიბლიოთეკა ბათუმის შოთა რუსთაველის სახელმწიფო უნივერსიტეტის მთავარი ბიბლიოთეკა წიგნსაცავი 2022-11-30 10.00 821.353.1-1 ტ-15 63228 2022-11-30 63228 2022-11-30 წიგნი 10.00